000 00336nam a22001337a 4500
040 _cNUST
082 _a629.475
_bHEN
100 _aHenry, Gray N.
_9118624
245 _aSpace Propulsion Analysis and Design /
_cGray N. Henry
260 _aUnited States :
_bMc Graw Hill ;
_c1995.
300 _a748p.
521 _bHB
942 _2ddc
_cBK
999 _c606810
_d606810